| 000 | 01317cad a22002295a 4500 | ||
|---|---|---|---|
| 001 | L139829 | ||
| 008 | 110516s2007 xxkd f s 000 0 eng d | ||
| 035 | _a(Sirsi) u139829 | ||
| 041 | 0 | _aeng | |
| 050 | 0 | 4 | _a333.33 $2 18 |
| 110 | 2 |
_aRoyal Institution of Chartered Surveyors _bEconomics _95033 |
|
| 245 | 0 | 0 |
_aRICS commercial property forecast _b2007-08 _h[electronic resource] |
| 260 |
_aLondon _bRICS _c2007 |
||
| 490 | 0 |
_aRICS UK Commercial Property Forecast _v2007-08 |
|
| 520 | _aForecasts investor returns in the commercial property sector to more than halve to 8% in 2007, and slow further to 5% in 2008. The listed property market signals larger declines in prime commercial property prices in 2008, although RICS believes this is overly negative. The office sector will experience the greatest rental growth, reaching between 8-9%. Caution in the retail sector will keep retail rental growth down to slightly above inflation, and industrial rents will continue to under perform. | ||
| 590 | _aKA | ||
| 650 | 2 | 4 | _aRICS UK COMMERCIAL PROPERTY FORECAST |
| 651 | 4 |
_aUnited Kingdom _y |
|
| 690 | _aPROPERTY-COMMERCIAL PROPERTY-COMMERCIAL PROPERTY MARKET | ||
| 856 | 4 | 0 |
_uhttps://www.rics.org/site/download_feed.aspx?fileID=1355&fileExtension=PDF _zView the item free of charge at www.rics.org |
| 942 | _n0 | ||
| 999 |
_c107358 _d107358 |
||